France

Guardat en:
Dades bibliogràfiques
Autor corporatiu: Vaudoyer, Jean-Louis (Autor)
Format: Llibre
Idioma:francès
Publicat: París Editions des Horizons de France 1940
Edició:1a. ed
Matèries:
Etiquetes: Afegir etiqueta
Sense etiquetes, Sigues el primer a etiquetar aquest registre!

MARC

LEADER 00000cam a2200000 a 4500
001 UCE4942
003 CL-VaPUC
008 141120e19400000fr |||||||||||||||||fre|d
082 0 4 |a 910.44  |b VAU  |2 21 
110 2 |a Vaudoyer, Jean-Louis  |e author  |9 577421 
245 1 0 |a France 
250 |a 1a. ed 
300 |a 174 p 
942 |c BK 
945 |d 20141120 11:52:00  |a arojas 
260 |a París  |b Editions des Horizons de France  |c 1940 
600 0 7 |a FRANCIA  |2 CL-VaPUC  |9 482847 
650 0 |a Descripciones y viajes  |9 262159 
650 7 |a GUIAS TURISTICAS  |2 CL-VaPUC  |9 346990 
583 |a last modification  |c 20171003 11:56:54  |k Rodrigo Vera 
999 |c 357797  |d 357795 
952 |0 0  |1 0  |3 erb  |4 0  |6 910_440000000000000_VAU_1940  |7 0  |8 X  |9 465887  |a FDOBUD  |b FDOBUD  |i 5107784  |o 910.44 VAU 1940  |p 5107784  |r 2019-11-23  |w 2019-11-23  |y BK_X  |z Catalogado en:20141120  |k BUD